| 000 | 01026cam a22002054a 4500 | ||
|---|---|---|---|
| 005 | 20250605164203.0 | ||
| 008 | 250528s ||||||||||||||||||||||||d | ||
| 035 | _a19786 | ||
| 020 | _a9603900052 | ||
| 040 |
_aGR-AtMCL _bgre _dGR-AtMCL _eAACR2 |
||
| 245 | 1 | _aStudy English for Business Educational Purposes / Economics - Business Administration - Banking and Financial Management - Industrial Management - Informatics - Maritime and Transport Economics - Statistics and Insurance Science | |
| 250 | _a3rd | ||
| 260 |
_bInterbooks, _c1998 |
||
| 300 | _a368 | ||
| 520 | _aThis book has been designed to enhance reading skills in the English language, and is intended for students in fields of business studies, such as management, commerce, shipping and industry. Study Material, Building your Business Vocabulary, Business Education, Vocabulary Review Exercises, English Greek Glossary, Grammar Review, Bibliography. | ||
| 700 | 1 |
_aDiamantis Gabriel V _94618 |
|
| 942 | _cBK | ||
| 999 |
_c5038 _d5038 |
||